000 00559nam a22001577a 4500
082 _a670
100 _aAhmad, Arslan
245 _aModeling and Performance Analysis of Direct Acting Valve Train System
_cArslan Ahmad
260 _aIslamabad :
_bSMME - NUST,
_c2013.
300 _a78 p. ;
_c30cm.
650 _aIndustrial and Manufacturing Engineering-MS-Thesis
_916206
700 _aDr. Riaz Ahmed Mufti
_935430
856 _uhttp://10.250.8.41:8080/xmlui/handle/123456789/9054
942 _2ddc
_cTHE
999 _c541100
_d541100